header

Social reality (Record no. 30655)

MARC details
000 -LEADER
fixed length control field 01345nam a2200373 a 4500
082 04 - DEWEY DECIMAL CLASSIFICATION NUMBER
Classification number 301/.01
100 1# - MAIN ENTRY--AUTHOR NAME
Personal name Collin, Finn.
245 10 - TITLE STATEMENT
Title Social reality
260 ## - PUBLICATION, DISTRIBUTION, ETC. (IMPRINT)
Place of publication London ;
-- New York :
Name of publisher Routledge,
Year of publication 2002.
300 ## - PHYSICAL DESCRIPTION
Number of Pages xiii, 252 p.
490 1# - SERIES STATEMENT
Series statement The problems of philosophy
650 #0 - SUBJECT ADDED ENTRY--TOPICAL TERM
Topical Term Reality.
Topical Term Constructivism (Philosophy)
Topical Term Ontology.
Topical Term Philosophy and social sciences.
856 40 - ELECTRONIC LOCATION AND ACCESS
Uniform Resource Identifier http://site.ebrary.com/lib/rucke/Doc?id=10070462

No items available.

© 2026 Rongo University
Contact us: librarian | system librarian | Rongo university